PRIEREZ HISTORICKÝM VÝVOJOM OCHRANY PRED POŽIARMI NA SLOVENSKU

Bibliographic Details
Main Author: Hronec, Štefan (Author)
Format: Article
Language:Slovak
ISBN:8022815748

MARC

LEADER 00000naa a2200000uu 4500
001 vtls011036266
003 SK-MaSNL
005 20260302125130.0
008 210908|2006 xo |||||||||||||||||slo|
015 |a SNBRA 
035 |a (urnnbn)urn:nbn:sk:snk:ar-008ud1 
035 |a (uuid)dd458f81-fd0b-437f-975a-2a733e19443b 
035 |a urn:nbn:sk:snk-aauq34 
040 |a SNKBUCL  |b slo  |c SNKBUCL  |e AACR2 
041 0 |a slo 
044 |a xo  |c SK 
100 1 |a Hronec, Štefan  |4 aut  |9 308559 
245 1 0 |a PRIEREZ HISTORICKÝM VÝVOJOM OCHRANY PRED POŽIARMI NA SLOVENSKU  |c Štefan Hronec 
773 0 |t Riešenie krízových situácií pri úniku nebezpečnej látky na vodných hladinách  |d Vo Zvolene : Technická univerzita, 2006  |g S. 15-22  |z 8022815748 
958 |a OND 
958 |a article12 
958 |a chapter 
999 |c 1291985  |d 1293915